000 00578nam a2200193 i 4500
001 40518
003 ES-MaACL
005 20230906160237.0
007 t|
008 030306s1977 pr ||||1| spa d
080 _a860(729.5)-14"19"
100 1 _aCarrión, Juan Francisco.
_935802
245 1 0 _aCantos de emoción :
_bpoemas líricos dedicados a la mujer /
_cJuan Francisco Carrión.
250 _a1ª ed.
260 _a[Hato Rey (Puerto Rico) :
_bEsmaco Printers Corp.],
_c1977.
300 _a55 p. ;
_c19 cm.
852 4 _aES-MaACL
_jA-7680
852 4 _aES-MaACL
_jA-8111
999 _c40518
_d40518